E-procurement - revolutionising business practice (Record no. 65239)
[ view plain ]
| 000 -LEADER | |
|---|---|
| fixed length control field | 01210cam a2200229 4500 |
| 001 - CONTROL NUMBER | |
| control field | X109304 |
| 008 - FIXED-LENGTH DATA ELEMENTS--GENERAL INFORMATION | |
| fixed length control field | 000000n2000 000 0 eng u |
| 035 ## - SYSTEM CONTROL NUMBER | |
| System control number | (Sirsi) u109304 |
| 100 ## - MAIN ENTRY--PERSONAL NAME | |
| Personal name | Bell, J |
| 245 ## - TITLE STATEMENT | |
| Title | E-procurement - revolutionising business practice |
| 260 ## - PUBLICATION, DISTRIBUTION, ETC. | |
| Date of publication, distribution, etc. | 2000 |
| 490 ## - SERIES STATEMENT | |
| Series statement | Facilities Management |
| Volume/sequential designation | 8(1) October 2000, 8-9(2) |
| 520 ## - SUMMARY, ETC. | |
| Summary, etc. | Looks at the implications of internet growth and web-based trading for the facilities management sector. A number of property and support service providers are exploring procurement 'club-sites', which create a closed supply chain by joining a defined customer base with selected suppliers via an internet portal. Servus Facilities Management Club-site, currently being piloted by the Nomura group, displays a number of major advantages. Concludes that internet procurement will provide a viable alternative, but will not replace personalised interaction in the tendering process. References. |
| 650 ## - SUBJECT ADDED ENTRY--TOPICAL TERM | |
| Topical term or geographic name entry element | Procurement-old |
| 650 ## - SUBJECT ADDED ENTRY--TOPICAL TERM | |
| Topical term or geographic name entry element | SUPPLY CHAIN |
| 650 ## - SUBJECT ADDED ENTRY--TOPICAL TERM | |
| Topical term or geographic name entry element | E-COMMERCE |
| 650 ## - SUBJECT ADDED ENTRY--TOPICAL TERM | |
| Topical term or geographic name entry element | TENDERING PROCESS |
| 650 ## - SUBJECT ADDED ENTRY--TOPICAL TERM | |
| Topical term or geographic name entry element | INTERNET |
| 650 ## - SUBJECT ADDED ENTRY--TOPICAL TERM | |
| Topical term or geographic name entry element | SERVUS FACILITIES MANAGEMENT |
| 690 ## - LOCAL SUBJECT ADDED ENTRY--TOPICAL TERM (OCLC, RLIN) | |
| Topical term or geographic name as entry element | MANAGEMENT-FACILITIES MANAGEMENT |
| 942 ## - ADDED ENTRY ELEMENTS (KOHA) | |
| Suppress in OPAC | 0 |
| Withdrawn status | Lost status | Source of classification or shelving scheme | Damaged status | Not for loan | Home library | Current library | Shelving location | Date acquired | Total Checkouts | Full call number | Barcode | Date last seen | Copy number | Price effective from | Koha item type |
|---|---|---|---|---|---|---|---|---|---|---|---|---|---|---|---|
| Dewey Decimal Classification | London | London | Journal article | 08/12/2000 | X109304 | 109304-1001 | 06/08/2019 | 1 | 06/08/2019 | Journal article |